MARC details
| 000 -CABECERA |
| campo de control de longitud fija |
02631nam a2200469 i 4500 |
| 001 - NÚMERO DE CONTROL |
| campo de control |
000015592 |
| 003 - IDENTIFICADOR DEL NÚMERO DE CONTROL |
| campo de control |
DO-SdBNP |
| 005 - FECHA Y HORA DE LA ÚLTIMA TRANSACCIÓN |
| campo de control |
20241015140952.0 |
| 007 - CAMPO FIJO DE DESCRIPCIÓN FÍSICA--INFORMACIÓN GENERAL |
| campo de control de longitud fija |
ta |
| 008 - DATOS DE LONGITUD FIJA--INFORMACIÓN GENERAL |
| campo de control de longitud fija |
100215s2009 dr 000 0 spa d |
| 020 ## - NÚMERO INTERNACIONAL ESTÁNDAR DEL LIBRO |
| Número Internacional Estándar del Libro |
9789945861587 |
| 040 ## - FUENTE DE LA CATALOGACIÓN |
| Centro catalogador/agencia de origen |
DO-SdBNP |
| Lengua de catalogación |
spa |
| Centro/agencia transcriptor |
BNPHU |
| Normas de descripción |
rda |
| 082 #4 - NÚMERO DE LA CLASIFICACIÓN DECIMAL DEWEY |
| Número de clasificación |
972.9365 |
| Número de documento/Ítem |
S187c |
| Número de edición |
22 |
| 245 00 - MENCIÓN DE TÍTULO |
| Título |
Samaná : |
| Resto del título |
ciclo de conferencias / |
| Mención de responsabilidad, etc. |
prólogo, José Chez Checo ; textos Bernardo Vega, Soraya Aracena, Esteban Prieto Vicioso, Virginia Flores Sasso, Emilio Cordero Michel y otros ; fotografías, Jesús Rodríguez, Ricardo Brianes, Félix Sepúlveda, José Alejandro Álvarez. |
| 264 #1 - PRODUCCIÓN, PUBLICACIÓN, DISTRIBUCIÓN, FABRICACIÓN Y COPYRIGHT |
| Producción, publicación, distribución, fabricación y copyright |
Santo Domingo : |
| Nombre del de productor, editor, distribuidor, fabricante |
Buho, |
| Fecha de producción, publicación, distribución, fabricación o copyright |
2009. |
| 300 ## - DESCRIPCIÓN FÍSICA |
| Extensión |
97 páginas ; |
| Dimensiones |
23 cm. |
| 336 ## - TIPO DE CONTENIDO |
| Fuente |
rdacontent |
| Término de tipo de contenido |
texto |
| Código de tipo de contenido |
txt |
| 337 ## - TIPO DE MEDIO |
| Fuente |
rdamedia |
| Nombre/término del tipo de medio |
sin mediación |
| Código del tipo de medio |
n |
| 338 ## - TIPO DE SOPORTE |
| Fuente |
rdacarrier |
| Nombre/término del tipo de soporte |
volumen |
| Código del tipo de soporte |
nc |
| 490 0# - MENCIÓN DE SERIE |
| Mención de serie |
Orgullo de mi tierra |
| 505 2# - NOTA DE CONTENIDO CON FORMATO |
| Título |
Prólogo / |
| Mención de responsabilidad |
José Chez Checo -- |
| Título |
Breve historia de Samaná / |
| Mención de responsabilidad |
Bernardo Vega -- |
| Título |
Aportaciones culturales de los inmigrantes en Samaná / |
| Mención de responsabilidad |
Soraya Aracena -- |
| Título |
Arquitectura en la provincia de Samaná / |
| Mención de responsabilidad |
Esteban Prieto, Virginia Flores Sasso -- |
| Título |
Schomburgk y Samaná / |
| Mención de responsabilidad |
Emilio Cordero Michel -- |
| Título |
Las inmigraciones francesas a Samaná / |
| Mención de responsabilidad |
Efrain Baldrich Beauregard -- |
| Título |
El folklore, la gastronomía y la identidad de Samaná / |
| Mención de responsabilidad |
Dagoberto Tejeda Cruz -- |
| Título |
Los afroamericanos en Samaná y la llegada del protestantismo a Quisqueya: Fe-negritud-esclavitud / |
| Mención de responsabilidad |
Susana Sánchez |
| 590 ## - NOTA LOCAL (RLIN) |
| Nota local |
Inventariado, 2024/ YL |
| 650 #4 - PUNTO DE ACCESO ADICIONAL DE MATERIA--TÉRMINO DE MATERIA |
| Término de materia o nombre geográfico como elemento de entrada |
Arquitectura |
| Subdivisión geográfica |
Samaná (República Dominicana : Provincia) |
| 9 (RLIN) |
35172 |
| 651 #4 - PUNTO DE ACCESO ADICIONAL DE MATERIA--NOMBRE GEOGRÁFICO |
| Nombre geográfico |
Samaná (República Dominicana : Provincia) |
| Subdivisión general |
Historia local |
| 9 (RLIN) |
13085 |
| 651 #4 - PUNTO DE ACCESO ADICIONAL DE MATERIA--NOMBRE GEOGRÁFICO |
| Nombre geográfico |
Samaná (República Dominicana : Provincia) |
| Subdivisión general |
Vida social y costumbres |
| 9 (RLIN) |
35171 |
| 651 #4 - PUNTO DE ACCESO ADICIONAL DE MATERIA--NOMBRE GEOGRÁFICO |
| Nombre geográfico |
Samaná (República Dominicana : Provincia) |
| Subdivisión general |
Emigración e inmigración |
| 9 (RLIN) |
35173 |
| 700 1# - PUNTO DE ACCESO ADICIONAL--NOMBRE DE PERSONA |
| Nombre de persona |
Chez Checo, José, |
| Fechas asociadas al nombre |
1949- |
| Término indicativo de función/relación |
prólogo |
| 9 (RLIN) |
10145 |
| 700 1# - PUNTO DE ACCESO ADICIONAL--NOMBRE DE PERSONA |
| Nombre de persona |
Vega, Bernardo |
| Término indicativo de función/relación |
textos |
| 9 (RLIN) |
85109 |
| 700 1# - PUNTO DE ACCESO ADICIONAL--NOMBRE DE PERSONA |
| Nombre de persona |
Aracena, Soraya |
| Término indicativo de función/relación |
textos |
| 9 (RLIN) |
43422 |
| 700 1# - PUNTO DE ACCESO ADICIONAL--NOMBRE DE PERSONA |
| Nombre de persona |
Prieto Vicioso, Esteban |
| Término indicativo de función/relación |
textos |
| 9 (RLIN) |
56663 |
| 700 1# - PUNTO DE ACCESO ADICIONAL--NOMBRE DE PERSONA |
| Nombre de persona |
Flores Sasso, Virginia |
| Término indicativo de función/relación |
textos |
| 9 (RLIN) |
77827 |
| 700 1# - PUNTO DE ACCESO ADICIONAL--NOMBRE DE PERSONA |
| Nombre de persona |
Cordero Michel, Emilio, |
| Fechas asociadas al nombre |
1929-2018 |
| Término indicativo de función/relación |
textos |
| 9 (RLIN) |
44029 |
| 700 1# - PUNTO DE ACCESO ADICIONAL--NOMBRE DE PERSONA |
| Nombre de persona |
Baldrich Beauregard, Efrain |
| Término indicativo de función/relación |
textos |
| 9 (RLIN) |
85664 |
| 700 1# - PUNTO DE ACCESO ADICIONAL--NOMBRE DE PERSONA |
| Nombre de persona |
Tejeda, Dagoberto |
| Término indicativo de función/relación |
textos |
| 9 (RLIN) |
18983 |
| 700 1# - PUNTO DE ACCESO ADICIONAL--NOMBRE DE PERSONA |
| Nombre de persona |
Sánchez, Susana |
| Término indicativo de función/relación |
textos |
| 9 (RLIN) |
2135 |
| 700 1# - PUNTO DE ACCESO ADICIONAL--NOMBRE DE PERSONA |
| Nombre de persona |
Rodríguez, Jesús |
| Término indicativo de función/relación |
fotografías |
| 9 (RLIN) |
61577 |
| 700 1# - PUNTO DE ACCESO ADICIONAL--NOMBRE DE PERSONA |
| Nombre de persona |
Brianes, Ricardo |
| Término indicativo de función/relación |
fotografías |
| 9 (RLIN) |
85665 |
| 700 1# - PUNTO DE ACCESO ADICIONAL--NOMBRE DE PERSONA |
| Nombre de persona |
Sepúlveda, Félix |
| Término indicativo de función/relación |
fotografías |
| 9 (RLIN) |
43009 |
| 700 1# - PUNTO DE ACCESO ADICIONAL--NOMBRE DE PERSONA |
| Nombre de persona |
Álvarez, José Alejandro |
| Término indicativo de función/relación |
fotografías |
| 9 (RLIN) |
78811 |
| 910 ## - DATOS DE OPCIÓN DEL USUARIO (OCLC) |
| Datos de opción del usuario |
Validado. Control de calidad BNPHU |
| 942 ## - ELEMENTOS DE PUNTO DE ACCESO ADICIONAL (KOHA) |
| Fuente del sistema de clasificación o colocación |
Dewey Decimal Classification |
| Tipo de ítem Koha |
Libro |